Náročné kritériá

Bibliographic Details
Main Author: Škorecová, Oľga (Author)
Format: Article
Language:Slovak
Subjects:

MARC

LEADER 00000nab a2200000 a 4500
001 vtls000080334
003 SK-MaSNL
005 20260303032243.0
008 111103c1981 xo 0 slo
015 |a SNBRB19rr/mm-uuuuu 
035 |a CL0090435 
040 |a SNKBUCL  |b slo  |c SNKBUCL  |e AACR2 
041 0 |a slo 
044 |a xo  |c SK 
080 |a 329.15(437.6)  |2 1981 
080 |a 378  |2 1981 
080 |a 629  |2 1981 
100 1 |a Škorecová, Oľga  |4 aut  |9 485006 
245 1 0 |a Náročné kritériá  |c Oľga Škorecová 
650 0 7 |a KSS ZO  |2 snkbucl  |9 1001784 
651 7 |a 5313  |2 snkbucl  |9 893759 
655 7 |a články z novín a časopisov  |2 snkbucl  |9 267496 
773 0 |t Nové slovo  |g Roč. 23, č. 2 (15. 1. 1981), s. 4 
850 |a Slovenská národná knižnica v Martine  |a MTA001 
852 |a SNK  |b KIS3GCP 
958 |a RK 
992 |a RBX 
999 |c 1663289  |d 1665219